Mort subite Numéros de départements et ... (2) - Statistiques

Statistiques générales
  • Ce quiz a été pris 61 fois
  • Le résultat moyen est 4 sur 17
Answers on the Grid
Answers color-coded by a green-red scale on the quiz's grid according to % correct below.
01
02
03
04
05
06
07
08
09
10
11
12
13
14
15
16
17
18
19
2A
2B
21
22
23
24
25
26
27
28
29
30
31
32
33
34
35
36
37
38
39
40
41
42
43
44
45
46
47
48
49
50
51
52
53
54
55
56
57
58
59
60
61
62
63
64
65
66
67
68
69
70
71
72
73
74
75
76
77
78
79
80
81
82
83
84
85
86
87
88
89
90
91
92
93
94
95
971
972
973
974
976
 
Statistiques - réponses
Réponse % Correct
16
50%
27
50%
49
50%
80
38%
2A
25%
32
25%
45
25%
88
25%
89
25%
91
25%
15
13%
47
13%
61
13%
62
13%
74
13%
81
13%
84
13%
Aucun quiz correspondant
Distribution des résultats
% des personnes avec chaque résultat
Percentile par nombre de réponses
Votre historique - résultats
Vous n’avez pas pris ce quiz